000 01538nam a2200457 i 4500
001 53733
003 ES-MaCES
005 20250604110316.0
008 250603s2025 sp 000 | spa d
017 _aV 3903-2025
_bDL
020 _a9788410716810
040 _aES-MaCES
_bspa
_cES-MaCES
245 0 0 _aVulnerables en la economía verde y circular
_b: una mirada jurídico-laboral
_ccoord., Consuelo Chacartegui Jávega ; autores, Rosa María Almansa Pérez ... [et al.]
260 _aValencia
_bTirant lo Blanch
_c2025
300 _a335 p.
_c22 cm
490 1 _aMonografía Maior
504 _aBibliografía
541 0 _cCompra
650 4 _adesarrollo sostenible
_930785
650 4 _adesarrollo económico
_927093
650 4 _aevaluación del impacto
_930732
650 4 _aexclusión social
_930629
650 4 _atrabajador
_928414
650 4 _aempleo precario
_930171
650 4 _apobreza
_927112
650 4 _asalario bajo
_930448
650 4 _amigración
_928635
650 4 _acambio climático
_930961
650 4 _apolítica de empleo
_928300
650 4 _arelación formación empleo
_929976
650 4 _ainspección del trabajo
_928213
650 4 _aderechos de los trabajadores
_929924
650 4 _aEspaña
_926964
650 4 _aUE
_926752
653 1 0 _aRelaciones laborales-Empleo
700 1 _aChacartegui Jávega, Consuelo
_99457
_ecol.
700 1 _941380
_aAlmansa Pérez, Rosa María
830 0 _aMonografías Maior (Tirant)
_941108
902 _aLIB Libro
942 _2CES
_cBK
_h2.0.
999 _c53733
_d53733